000
00279nam a2200109Ia 4500
008
230907s9999||||xx |||||||||||||| ||und||
082
_a
150.721
_b
COZ
100
_a
Cozby, Paul C.
_9
116099
245
0
_a
Methods in behavioral research /
300
_a
xix, 425 pages ;
942
_c
BK
999
_c
601048
_d
601048